A Brief History of Time /
Semblanza de la vida y la obra del físico y matemático Stephen Hawking, a través de entrevistas con el mismo científico, con colegas suyos y con familiares. Hawking, a pesar de sus impedimentos físicos, ha estudiado y aportado nuevos conocimientos acerca del origen del universo.
में बचाया:
| मुख्य लेखक: | |
|---|---|
| अन्य लेखक: | , , , , |
| स्वरूप: | |
| भाषा: | अंग्रेज़ी |
| प्रकाशित: |
Norwich, Inglaterra :
Anglia Television,
1991, c1991
|
| श्रृंखला: | (Criterion Collection ;
699) |
| विषय: | |
| टैग: |
कोई टैग नहीं, इस रिकॉर्ड को टैग करने वाले पहले व्यक्ति बनें!
|
MARC
| LEADER | 00000ngm^a2200000^a^4500 | ||
|---|---|---|---|
| 001 | 000377081 | ||
| 005 | 20251020000000.0 | ||
| 009 | 20260310120349.715 | ||
| 020 | |a 978-1-60465-848-4 | ||
| 037 | |a Acervo ITESO - Biblioteca | ||
| 041 | |a ING | ||
| 082 | |a 808. 8 |b CRI V. 699 | ||
| 100 | |a Morris, Errol |e (realización) | ||
| 240 | 1 | 1 | |a [Breve historia del tiempo] |
| 240 | 1 | 1 | |a [Historia del tiempo. Adaptaciones] |
| 240 | 1 | 1 | |a [Historia del tiempo] |
| 245 | 1 | 2 | |a A Brief History of Time / |c Realización de E. Morris. |
| 246 | 2 | |a Título en México: Breve historia del tiempo [video] | |
| 264 | 4 | |a Norwich, Inglaterra : |b Anglia Television, |c 1991, c1991 | |
| 264 | 2 | |a Nueva York, EUA : |b Criterion Collection [distribución], |c 2014, c2014 | |
| 300 | |a 1 DVD región 1 |c (84 min.) + |e 1 cuadríptico | ||
| 336 | |a imagen móvil bidimensional |b tdi |2 rdacontenido | ||
| 337 | |a video |b v |2 rdamedio | ||
| 338 | |a videodisco |b vd |2 rdasoporte | ||
| 440 | 1 | |a (Criterion Collection ; |v 699) | |
| 500 | |a Basado en: Historia del tiempo, de Stephen Hawking | ||
| 520 | |a Semblanza de la vida y la obra del físico y matemático Stephen Hawking, a través de entrevistas con el mismo científico, con colegas suyos y con familiares. Hawking, a pesar de sus impedimentos físicos, ha estudiado y aportado nuevos conocimientos acerca del origen del universo. | ||
| 530 | |a Existe una edición en formato audiovisual en VHS con el mismo título | ||
| 546 | |a En inglés, con subtítulos opcionales: inglés | ||
| 586 | |a Premio Príncipe de Asturias de la Concordia 1989: Biografías, crítica e interpretación | ||
| 649 | |a XX | ||
| 650 | |a Cineastas Norteamericanos | ||
| 650 | |a Astrónomos Ingleses - |x Biografías | ||
| 650 | |a Físicos Ingleses - |x Biografías | ||
| 650 | |a Matemáticos Ingleses - |x Biografías | ||
| 650 | |a Científicos Ingleses - |x Biografías | ||
| 650 | |a Cine Científico | ||
| 650 | |a Documentales | ||
| 650 | |a Cine Independiente - |z Inglaterra | ||
| 650 | |a Cine Inglés - |y 1990-1999 | ||
| 650 | |a Cine Inglés - |y Siglo XX | ||
| 650 | |a Tiempo (Concepto) | ||
| 650 | |a Cosmología | ||
| 650 | |a Astronomía | ||
| 650 | |a Física | ||
| 650 | |a Hawking, Stephen W. - |x Tema Principal | ||
| 740 | 0 | |a Macrobiography / |c Texto de D. Sterritt. | |
| 700 | |a Bailey, John |e (fotógrafo) | ||
| 700 | |a Czapsky, Stefan |e (fotógrafo) | ||
| 700 | |a Fuller, Brad |e (montaje) | ||
| 700 | |a Glass, Philip |e (música) | ||
| 700 | |a Sterritt, David |e (texto) | ||
| 910 | |a Fondo General | ||
| 920 | |a Audiovisuales - DVDs | ||
| 940 | |a Películas | ||
| 905 | |a 308 | ||
| 901 | |a 0500270824 |b IT2 |c DVR |i C150879 |u 20250521 | ||
| 901 | |a 0500270825 |b IT2 |c MIN |i C150879 |u 20251020 | ||
| 902 | |a https://opac.biblio.iteso.mx/vufind/Record/000377081 | ||